000 00740nam a2200241 a 4500
001 BRL_630
005 20190320210828.0
008 110913s1950----ag-a######---#000-0#spa-#
041 _aspa
044 _aag
050 4 _aPJ5043
_b.A58 1950
245 1 0 _aAntología de Teatro Hebreo
_ccomp. Ialcut Majazot
260 _aBuenos Aires
_bOficina Central de Keren Kayemet de Israel para América Latina
_c1950
300 _a288 p.
_bil.
_c18 cm.
500 _aAu675
650 1 4 _aDrama hebreo
_xLibretos
_924475
650 1 4 _aDrama hebreo
_xColecciones
_924476
650 1 4 _aTeatro hebreo
_xLibretos
_924477
650 1 4 _aArgumentos (Drama, novela, etc.)
_924478
700 1 _aMajazot, Ialcult
_ecomp.
_924479
902 _aGRL
942 _2lcc
_cB
999 _c9442
_d9442